Elementy linii brzegowej Ameryki Północnej - quiz na mapie - Statystyki

Ogólne statystyki
  • Ten quiz został rozwiązany 76 razy
  • Średni wynik to 17 z 31
Odpowiedzi na mapie
Odpowiedzi zakodowano w zielono-czerwonej skali na mapie do tego quizu, zgodnie z poniższymi procentami.
 
Statystyki odpowiedzi
Odpowiedź % Poprawnych
Płw. Floryda
78%
Płw. Kalifornijski
75%
Bahamy
73%
Zatoka Alaska
73%
Zatoka Kalifornijska
73%
Zatoka Hudsona
70%
Płw. Alaska
68%
Wielkie Antyle: Kuba, Haiti, Jamajka
68%
Cieśnina Beringa
65%
Płw. Jukatan
65%
Zatoka Meksykańska
65%
Zatoka Campeche
63%
Małe Antyle: Gwadelupa, Dominika, Martynika, Trynidad
60%
Nowa Fundlandia
60%
Płw. Labrador
60%
Morze Karaibskie
58%
Zatoka Panamska
58%
Kanał Panamski
53%
Nowa Szkocja
53%
Bermudy
50%
Morze Baffina
50%
Morze Sargassowe
50%
Morze Beuforta
45%
Wyspa Wiktorii
45%
Ziemia Baffina
38%
Wyspa Banksa
35%
Płw. Melville'a
30%
Płw. Murchisona
28%
Wyspy Królowej Charlotty
28%
Wyspa Southampton
25%
Wyspy Królowej Elżbiety
23%
Nie znaleziono quizów pasujących do podanych kryteriów
Rozkład punktacji
Procent ludzi z każdym wynikiem
Percentyl według liczby udzielonych odpowiedzi
Twoja historia wyników
Nie rozwiązałeś tego quizu